[Event "XXIX Miedzynarodowy Festiwal Szachowy CRACOVIA-2018 Grupa B"]
[Site "Krakow, Hotel Galaxy, ul. Gesia 22a"]
[Date "2018.12.31"]
[Round "6.29"]
[White "Pastuszko, Kinga"]
[Black "Wojciechowski, Beniamin"]
[Result "1-0"]
[WhiteElo "2029"]
[BlackElo "1845"]
[PlyCount "53"]
[EventDate "2018.??.??"]

1. e4 e6 2. d4 d5 3. Nd2 Nf6 4. e5 Nfd7 5. c3 c5 6. f4 Nc6 7. Ndf3 Qb6 8. g3
cxd4 9. cxd4 Bb4+ 10. Kf2 f6 11. Kg2 Be7 12. Bd3 O-O 13. Ne2 f5 14. h3 h6 15.
g4 g6 16. b3 Rf7 17. Kh2 Qd8 18. Rg1 Rg7 19. Ng3 Qe8 20. gxf5 exf5 21. Bxf5
Ndxe5 22. fxe5 Bxf5 23. Nxf5 gxf5 24. Bxh6 Rxg1 25. Qxg1+ Kf7 26. Ng5+ Bxg5 27.
Qxg5 1-0

[Event "XXIX Miedzynarodowy Festiwal Szachowy CRACOVIA-2018 Grupa B"]
[Site "Krakow, Hotel Galaxy, ul. Gesia 22a"]
[Date "2018.12.31"]
[Round "6.30"]
[White "Panek, Bartosz"]
[Black "Widla, Piotr"]
[Result "0-1"]
[WhiteElo "1871"]
[BlackElo "2024"]
[PlyCount "94"]
[EventDate "2018.??.??"]

1. d4 Nf6 2. c4 c5 3. d5 b5 4. f3 g6 5. e4 d6 6. Nh3 Bxh3 7. gxh3 bxc4 8. Bxc4
Bg7 9. Nc3 O-O 10. Bg5 Nbd7 11. Qd2 Qb6 12. O-O Ne5 13. b3 Nxc4 14. bxc4 Qb4
15. Qd3 Nd7 16. Rac1 Bd4+ 17. Kh1 Ne5 18. Qc2 Nxc4 19. Nd1 Na3 20. Qd3 f6 21.
Bd2 Qb5 22. Qxb5 Nxb5 23. Ne3 Na3 24. h4 Rab8 25. Ng4 h5 26. Ne3 Rb2 27. Bc3
Bxc3 28. Rxc3 Rxa2 29. Rg1 Nb5 30. Rb3 Nd4 31. Rbb1 Kf7 32. Rg3 Ne2 33. Rg2 Rb8
34. Re1 Nc3 35. Rxa2 Nxa2 36. Ra1 Rb2 37. Kg1 a6 38. h3 Nb4 39. Nc4 Rc2 40. Na5
f5 41. exf5 gxf5 42. Nc6 Nxd5 43. Rxa6 Nb4 44. Nd8+ Kf6 45. Ra4 Rc4 46. Nb7
Rxh4 47. Kg2 Rd4 0-1

[Event "XXIX Miedzynarodowy Festiwal Szachowy CRACOVIA-2018 Grupa B"]
[Site "Krakow, Hotel Galaxy, ul. Gesia 22a"]
[Date "2018.12.31"]
[Round "6.31"]
[White "Hrymowicz, Artur"]
[Black "Duda, Lucas"]
[Result "1/2-1/2"]
[WhiteElo "2024"]
[BlackElo "1784"]
[PlyCount "69"]
[EventDate "2018.??.??"]

1. e4 e5 2. Nf3 Nc6 3. d4 exd4 4. Nxd4 Bb4+ 5. c3 Bc5 6. Be3 Bb6 7. g3 Nf6 8.
Bg2 O-O 9. O-O d5 10. exd5 Nxd5 11. Nxc6 bxc6 12. Bd4 Ba6 13. Re1 Re8 14. Rxe8+
Qxe8 15. Na3 Rd8 16. Qg4 Bxd4 17. Qxd4 Nb6 18. Bxc6 Rxd4 19. Bxe8 Rd2 20. b3
Nd5 21. Bb5 Bxb5 22. Nxb5 a6 23. c4 c6 24. Na7 Ne7 25. Re1 Kf8 26. c5 Rd7 27.
Rxe7 Rxe7 28. Nxc6 Rc7 29. Nb4 Rxc5 30. Nxa6 Rc2 31. Nb4 Rb2 32. Kg2 Ke7 33.
Kf3 Kd6 34. Ke3 Rb1 35. Kd4 1/2-1/2

[Event "XXIX Miedzynarodowy Festiwal Szachowy CRACOVIA-2018 Grupa B"]
[Site "Krakow, Hotel Galaxy, ul. Gesia 22a"]
[Date "2018.12.31"]
[Round "6.32"]
[White "Koloczek, Maciej"]
[Black "Niedbala, Bartlomiej"]
[Result "1-0"]
[WhiteElo "1852"]
[BlackElo "1973"]
[PlyCount "113"]
[EventDate "2018.??.??"]

1. e4 c5 2. Nf3 d6 3. d4 cxd4 4. Nxd4 Nf6 5. Nc3 g6 6. Be3 Bg7 7. f3 O-O 8. Qd2
Nc6 9. O-O-O d5 10. exd5 Nxd5 11. Nxc6 bxc6 12. Nxd5 cxd5 13. Bh6 Bxh6 14. Qxh6
Qa5 15. Kb1 Rb8 16. h4 Bf5 17. Bd3 Qa3 18. b3 Bxd3 19. Rxd3 Rfc8 20. Qc1 Qxc1+
21. Rxc1 Rc5 22. Rcd1 e6 23. Rd4 Kg7 24. Kb2 Kf6 25. Rf4+ Ke7 26. Rfd4 Rb7 27.
a3 a5 28. c3 Rbc7 29. R4d3 Kf6 30. a4 h5 31. R1d2 Rb7 32. g3 Rc8 33. Ka3 Rbc7
34. Kb2 Kf5 35. b4 Rc4 36. Kb3 d4 37. bxa5 Ke5 38. f4+ Kf5 39. cxd4 Ke4 40. d5
exd5 41. Rxd5 Rc3+ 42. Kb4 Rxg3 43. R2d4+ Ke3 44. a6 Rg1 45. Ka5 Rb1 46. Rb4
Rxb4 47. Kxb4 Kxf4 48. Rg5 Rg8 49. Kb5 f6 50. Rg1 g5 51. a7 Ke3 52. Ka6 g4 53.
Rb1 g3 54. Rb8 Rg4 55. Rb3+ Kf2 56. a5 g2 57. Rb2+ 1-0

[Event "XXIX Miedzynarodowy Festiwal Szachowy CRACOVIA-2018 Grupa B"]
[Site "Krakow, Hotel Galaxy, ul. Gesia 22a"]
[Date "2018.12.31"]
[Round "6.33"]
[White "Kaniak, Justyna"]
[Black "Slabek, Grzegorz"]
[Result "0-1"]
[WhiteElo "1729"]
[BlackElo "1967"]
[PlyCount "82"]
[EventDate "2018.??.??"]

1. e4 d5 2. exd5 Nf6 3. d4 Nxd5 4. c4 Nb6 5. Nf3 g6 6. h3 Bg7 7. Nc3 O-O 8. Be3
c6 9. Be2 N8d7 10. O-O Nf6 11. Qd2 Be6 12. b3 Re8 13. Rad1 Bf5 14. Bh6 Bh8 15.
g4 Bc8 16. Qf4 Be6 17. Ne5 Qb8 18. Qg3 Nfd7 19. f4 f6 20. Nf3 Bf7 21. Qh4 Bg7
22. Ne4 Nf8 23. Bd3 a5 24. Rf2 a4 25. Ng3 axb3 26. axb3 Ra3 27. Bxg7 Kxg7 28.
Bc2 Qxf4 29. Ne5 Qe3 30. Nxf7 Kxf7 31. g5 Nbd7 32. Rdf1 Kg8 33. gxf6 exf6 34.
Ne4 c5 35. Qg4 Ra2 36. Nd6 Rxc2 37. Nxe8 Rxf2 38. Rxf2 Qxe8 39. h4 Qe6 40. Qg2
Qe3 41. h5 b6 0-1

[Event "XXIX Miedzynarodowy Festiwal Szachowy CRACOVIA-2018 Grupa B"]
[Site "Krakow, Hotel Galaxy, ul. Gesia 22a"]
[Date "2018.12.31"]
[Round "6.34"]
[White "Grishchenko, Mihail"]
[Black "Mirowska, Oliwia"]
[Result "1-0"]
[WhiteElo "1936"]
[BlackElo "1720"]
[PlyCount "67"]
[EventDate "2018.??.??"]

1. e4 c5 2. b3 Nc6 3. Bb2 e6 4. Nf3 a6 5. d4 cxd4 6. Nxd4 Qc7 7. Be2 Nf6 8. Nd2
Bc5 9. c3 b5 10. Nxc6 dxc6 11. O-O Bb7 12. c4 Qe7 13. a3 Ba7 14. Qc2 O-O 15. b4
Rfd8 16. e5 Ne8 17. c5 Rac8 18. Ne4 Bb8 19. f4 f6 20. exf6 Nxf6 21. Rf3 Rd5 22.
Rg3 Rf8 23. Rf1 Bc8 24. Nxf6+ Rxf6 25. Bxf6 Qxf6 26. Qc3 Qh6 27. Rh3 Qg6 28.
Bd3 Qf7 29. Bxh7+ Kf8 30. Be4 Rh5 31. Rd1 Bc7 32. Bxc6 Rxh3 33. Qxh3 Qg6 34.
Qh8+ 1-0

[Event "XXIX Miedzynarodowy Festiwal Szachowy CRACOVIA-2018 Grupa B"]
[Site "Krakow, Hotel Galaxy, ul. Gesia 22a"]
[Date "2018.12.31"]
[Round "6.35"]
[White "Stebel, Agata"]
[Black "Serra Azul Neto, Francisco"]
[Result "1-0"]
[WhiteElo "1830"]
[BlackElo "1915"]
[PlyCount "117"]
[EventDate "2018.??.??"]

1. e4 d5 2. exd5 Nf6 3. d4 Nxd5 4. c4 Nb6 5. Nc3 g6 6. Be3 Bg7 7. Rc1 O-O 8.
Be2 Nc6 9. d5 Nb8 10. Nf3 Bg4 11. b3 c6 12. O-O cxd5 13. c5 Nc6 14. cxb6 Bxf3
15. Bxf3 d4 16. Bxc6 bxc6 17. Bxd4 Bxd4 18. bxa7 Rxa7 19. Na4 Qd6 20. Qf3 Rc8
21. Rc4 e5 22. Rfc1 c5 23. R4c2 f5 24. Nc3 e4 25. Qe2 Qe6 26. Nb5 Rd7 27. Nxd4
Rxd4 28. Rxc5 Rcd8 29. R5c2 f4 30. h3 e3 31. fxe3 fxe3 32. Rc3 Re4 33. Re1 Rd2
34. Qf3 Rf2 35. Qg3 Qb6 36. Rcxe3 Rxa2 37. Kh2 Rxe3 38. Rxe3 Qb5 39. Rd3 Qb6
40. Re3 Qb5 41. Rf3 Re2 42. Qf4 Qe8 43. Qc4+ Kg7 44. Qc7+ Re7 45. Qg3 Re4 46.
Rc3 Kg8 47. Rc4 Re3 48. Rc8 Qxc8 49. Qxe3 Qc7+ 50. Kh1 Qd7 51. b4 Qd1+ 52. Qg1
Qd5 53. Qc5 Qd1+ 54. Kh2 Qf1 55. Qe5 Qa6 56. Qb8+ Kf7 57. b5 Qe6 58. Qc7+ Kf6
59. b6 1-0

[Event "XXIX Miedzynarodowy Festiwal Szachowy CRACOVIA-2018 Grupa B"]
[Site "Krakow, Hotel Galaxy, ul. Gesia 22a"]
[Date "2018.12.31"]
[Round "6.36"]
[White "Ociepka, Tomasz"]
[Black "Dziewonski, Dariusz"]
[Result "1-0"]
[WhiteElo "1907"]
[BlackElo "1757"]
[PlyCount "81"]
[EventDate "2018.??.??"]

1. e4 c5 2. Nf3 e6 3. d4 cxd4 4. Nxd4 a6 5. Bd3 Nf6 6. O-O Qc7 7. Qe2 d6 8. c4
b6 9. Nc3 Bb7 10. f4 Nbd7 11. h3 g6 12. f5 e5 13. Nf3 Bg7 14. Bd2 Nc5 15. Rac1
Rc8 16. Nd5 Nxd5 17. exd5 O-O 18. Ng5 Qe7 19. Ne4 Nxe4 20. Qxe4 Rb8 21. Qg4 Bc8
22. Be4 Bd7 23. Be3 Rfc8 24. h4 Bf6 25. h5 g5 26. h6 Kh8 27. Rf3 Rg8 28. b4 Qd8
29. Qh5 Be8 30. Rg3 Be7 31. f6 Bxf6 32. Rf1 Be7 33. Rxf7 Rf8 34. Rxh7+ Kg8 35.
Rg7+ Kh8 36. Qe2 Rf4 37. Bxf4 exf4 38. Bd3 Bg6 39. Bxg6 Bf6 40. Rh7+ Kg8 41.
Qe6+ 1-0

[Event "XXIX Miedzynarodowy Festiwal Szachowy CRACOVIA-2018 Grupa B"]
[Site "Krakow, Hotel Galaxy, ul. Gesia 22a"]
[Date "2018.12.31"]
[Round "6.37"]
[White "Jajte-pachota, Jerzy"]
[Black "Libura, Julianna"]
[Result "1/2-1/2"]
[WhiteElo "1905"]
[BlackElo "1587"]
[PlyCount "88"]
[EventDate "2018.??.??"]

1. e4 c5 2. Bc4 a6 3. a4 Nc6 4. d3 e6 5. Nc3 Nf6 6. Bg5 Be7 7. Nge2 O-O 8. Qc1
d6 9. O-O b6 10. f4 h6 11. Bxf6 Bxf6 12. Kh1 Nd4 13. Nxd4 Bxd4 14. Nd1 d5 15.
Bb3 dxe4 16. dxe4 Bf6 17. Nf2 Bb7 18. c3 Qc7 19. Qe3 Rad8 20. Bc2 Rfe8 21. Ng4
Be7 22. Qg3 Kh8 23. Qh3 Bf8 24. Qe3 Be7 25. Qh3 Bf8 26. Qe3 Be7 27. Rad1 Kg8
28. Qg3 Kh8 29. Ne5 Bf6 30. Ng4 Be7 31. Qh3 Rxd1 32. Bxd1 Bxe4 33. Ne5 Bf6 34.
Qe3 Bf5 35. Ng4 Bxg4 36. Bxg4 Rd8 37. Be2 a5 38. Rd1 Rxd1+ 39. Bxd1 Qd6 40. Bc2
g6 41. Kg1 Kg7 42. Kf2 Qd5 43. Qe2 Qd6 44. Kf3 Qc6+ 1/2-1/2

[Event "XXIX Miedzynarodowy Festiwal Szachowy CRACOVIA-2018 Grupa B"]
[Site "Krakow, Hotel Galaxy, ul. Gesia 22a"]
[Date "2018.12.31"]
[Round "6.38"]
[White "Kalkowski, Igor"]
[Black "Nasirov, Ruslan"]
[Result "0-1"]
[WhiteElo "1716"]
[BlackElo "2062"]
[PlyCount "92"]
[EventDate "2018.??.??"]

1. e4 g6 2. Nc3 Bg7 3. f4 d6 4. Nf3 a6 5. Bc4 b5 6. Bb3 e6 7. d3 Ne7 8. O-O c5
9. Qe1 O-O 10. Qh4 Nbc6 11. Qg3 b4 12. Ne2 Na5 13. f5 Nxb3 14. axb3 Nc6 15. Bg5
f6 16. fxg6 hxg6 17. Qh4 Ne5 18. Bh6 Ra7 19. Nxe5 dxe5 20. Be3 Rc7 21. Qf2 Rc6
22. Bxc5 Re8 23. Rfc1 Qc7 24. Bxb4 Rxc2 25. Bc3 Rxc1+ 26. Rxc1 Qb7 27. b4 Rd8
28. Rd1 Kf7 29. Bxe5 Qxe4 30. Bd4 Qf5 31. Qg3 Qd5 32. Bc3 e5 33. d4 Bf5 34. Rf1
Qc4 35. dxe5 Qxe2 36. exf6 Rd1 37. Qc7+ Ke8 38. f7+ Kf8 39. Bxg7+ Kxg7 40. Qc3+
Kf8 41. Qh8+ Kxf7 42. Qh7+ Kf6 43. Qh8+ Kg5 44. h4+ Kg4 45. Rxd1 Qxd1+ 46. Kf2
Qd2+ 0-1

[Event "XXIX Miedzynarodowy Festiwal Szachowy CRACOVIA-2018 Grupa B"]
[Site "Krakow, Hotel Galaxy, ul. Gesia 22a"]
[Date "2018.12.31"]
[Round "6.40"]
[White "Kozlowski, Michal"]
[Black "Wiejaczka, Bartlomiej"]
[Result "1/2-1/2"]
[WhiteElo "1812"]
[BlackElo "2006"]
[PlyCount "36"]
[EventDate "2018.??.??"]

1. e4 e6 2. d4 d5 3. exd5 exd5 4. Bd3 Bd6 5. Ne2 Nc6 6. c3 Nge7 7. Bf4 Bg4 8.
f3 Bh5 9. Nd2 Bg6 10. Nb3 b6 11. O-O O-O 12. Qd2 Re8 13. Rae1 Qd7 14. Bxd6 Qxd6
15. Ng3 Bxd3 16. Qxd3 Qg6 17. Nc1 Qxd3 18. Nxd3 f6 1/2-1/2

[Event "XXIX Miedzynarodowy Festiwal Szachowy CRACOVIA-2018 Grupa B"]
[Site "Krakow, Hotel Galaxy, ul. Gesia 22a"]
[Date "2018.12.31"]
[Round "6.42"]
[White "Kosturkiewicz, Jacek"]
[Black "Leczek, Weronika"]
[Result "0-1"]
[WhiteElo "1972"]
[BlackElo "1771"]
[PlyCount "80"]
[EventDate "2018.??.??"]

1. e4 c5 2. Nf3 Nc6 3. d4 cxd4 4. Nxd4 Nf6 5. Nc3 d6 6. Bg5 e6 7. Qd2 a6 8. f4
h6 9. Bxf6 Qxf6 10. Nf3 Qd8 11. O-O-O Be7 12. g4 b5 13. h4 h5 14. g5 g6 15. Nd4
Qb6 16. Nxc6 Qxc6 17. Bg2 Bb7 18. Rh3 O-O 19. Kb1 Rfd8 20. Ne2 Qb6 21. Rd3 b4
22. Ng3 a5 23. f5 Ba6 24. f6 Bf8 25. Re3 d5 26. exd5 Bc5 27. Re5 Bd6 28. Qe3
Qc7 29. Re1 Bxe5 30. Qxe5 Qxe5 31. Rxe5 Bb7 32. c4 bxc3 33. bxc3 Bxd5 34. Bxd5
Rxd5 35. Rxd5 exd5 36. Kc2 Rc8 37. Kd3 Rc4 38. Nf1 Rxh4 39. Ne3 Rh3 40. Kd4
Rxe3 0-1

[Event "XXIX Miedzynarodowy Festiwal Szachowy CRACOVIA-2018 Grupa B"]
[Site "Krakow, Hotel Galaxy, ul. Gesia 22a"]
[Date "2018.12.31"]
[Round "6.43"]
[White "Kruczynski, Marek"]
[Black "Shamatava, Nikolozi"]
[Result "0-1"]
[WhiteElo "1744"]
[BlackElo "1866"]
[PlyCount "104"]
[EventDate "2018.??.??"]

1. e4 c5 2. b3 e6 3. Bb2 d6 4. d3 Nf6 5. g3 Be7 6. Bg2 Nc6 7. Nd2 O-O 8. Ngf3
Qc7 9. O-O Rd8 10. Re1 Nd7 11. a4 Bf6 12. Bxf6 Nxf6 13. c3 b6 14. Qc2 Bb7 15.
Rac1 Rac8 16. Qb1 Qb8 17. Bf1 h6 18. d4 e5 19. d5 Ne7 20. c4 Qc7 21. Bh3 Rb8
22. Qd3 Bc8 23. Qf1 a6 24. Bxc8 Qxc8 25. h3 Ng6 26. Kh2 Qd7 27. Ra1 Rb7 28. Ra2
Nh7 29. Qd3 Ng5 30. Ng1 Rf8 31. h4 Nh7 32. Nh3 Nf6 33. f3 Rfb8 34. Nf1 Nh5 35.
Ne3 Qxh3+ 36. Kxh3 Nhf4+ 37. gxf4 Nxf4+ 38. Kh2 Nxd3 39. Rd1 Nf4 40. Nf5 g6 41.
Nxh6+ Kg7 42. Ng4 Rh8 43. Kg3 f5 44. Nf2 Kf6 45. a5 b5 46. Rh1 bxc4 47. bxc4
Rb4 48. Rc1 Rb3 49. Rca1 Rh7 50. Rc1 Rhb7 51. Rcc2 Rb1 52. Kh2 Rh7 0-1

[Event "XXIX Miedzynarodowy Festiwal Szachowy CRACOVIA-2018 Grupa B"]
[Site "Krakow, Hotel Galaxy, ul. Gesia 22a"]
[Date "2018.12.31"]
[Round "6.44"]
[White "Rogala, Milosz"]
[Black "Buchta, Agnieszka"]
[Result "1/2-1/2"]
[WhiteElo "1738"]
[BlackElo "1856"]
[PlyCount "24"]
[EventDate "2018.??.??"]

1. e4 e5 2. Nf3 Nc6 3. d4 exd4 4. Bc4 Nf6 5. e5 d5 6. Bb5 Ne4 7. Nxd4 Bd7 8.
Bxc6 bxc6 9. O-O Bc5 10. c3 Bb6 11. f3 Ng5 12. f4 Ne4 1/2-1/2

[Event "XXIX Miedzynarodowy Festiwal Szachowy CRACOVIA-2018 Grupa B"]
[Site "Krakow, Hotel Galaxy, ul. Gesia 22a"]
[Date "2018.12.31"]
[Round "6.45"]
[White "Krawczyk, Flawian"]
[Black "Adamczyk, Zuzanna"]
[Result "1-0"]
[WhiteElo "1641"]
[BlackElo "1842"]
[PlyCount "99"]
[EventDate "2018.??.??"]

1. e4 c5 2. Nf3 e6 3. d4 cxd4 4. Nxd4 Nc6 5. Nc3 Qc7 6. Ndb5 Qb8 7. Be2 a6 8.
Nd4 Nf6 9. O-O Qc7 10. Be3 Bb4 11. Nxc6 bxc6 12. Qd4 c5 13. Qc4 Bb7 14. Bf3 d6
15. Rad1 O-O 16. Bf4 e5 17. Bg5 Bxc3 18. bxc3 Ne8 19. g3 h6 20. Bc1 a5 21. Rfe1
Kh8 22. Qd3 Qd7 23. Bg2 Qa4 24. a3 Ba6 25. Qd5 Rb8 26. f4 Bc4 27. Qd2 f6 28. f5
Rd8 29. g4 Qd7 30. h4 Qe7 31. Re3 Nc7 32. Rh3 d5 33. Qf2 dxe4 34. Re1 Nd5 35.
Rxe4 Nb6 36. Be3 Rc8 37. g5 Bd5 38. Rg4 Bxg2 39. Qxg2 h5 40. Rgg3 g6 41. gxf6
Rxf6 42. Bg5 Nd7 43. Bxf6+ Nxf6 44. Rxg6 Ng4 45. Rg5 Qf7 46. Rd3 Rb8 47. Qc6
Nf6 48. Rd6 Qc4 49. Rd8+ Rxd8 50. Qxf6+ 1-0

[Event "XXIX Miedzynarodowy Festiwal Szachowy CRACOVIA-2018 Grupa B"]
[Site "Krakow, Hotel Galaxy, ul. Gesia 22a"]
[Date "2018.12.31"]
[Round "6.46"]
[White "Podgorski, Maciej"]
[Black "Cichon, Jakub"]
[Result "1-0"]
[WhiteElo "1841"]
[BlackElo "1558"]
[PlyCount "69"]
[EventDate "2018.??.??"]

1. e4 c5 2. Nf3 d6 3. d4 cxd4 4. Nxd4 Nf6 5. Nc3 a6 6. Rg1 e5 7. Nb3 Be6 8. f4
Qb6 9. Rh1 Nc6 10. f5 Bxb3 11. axb3 Qd4 12. Qe2 Nb4 13. Bg5 Be7 14. Rd1 Qc5 15.
Bh4 Rc8 16. Bf2 Qc6 17. g4 h5 18. g5 Ng4 19. h4 Bd8 20. Bh3 Ba5 21. Bxg4 hxg4
22. Kf1 Rd8 23. Rg1 Bb6 24. Rxg4 Bxf2 25. Qxf2 Qc5 26. Rd2 Qa5 27. Na4 Nc6 28.
c3 Qb5+ 29. Qe2 Qxb3 30. Qd1 Qc4+ 31. Kg2 Qb5 32. Rd5 Qc4 33. b3 Na5 34. bxc4
Nxc4 35. Qd3 1-0

[Event "XXIX Miedzynarodowy Festiwal Szachowy CRACOVIA-2018 Grupa B"]
[Site "Krakow, Hotel Galaxy, ul. Gesia 22a"]
[Date "2018.12.31"]
[Round "6.47"]
[White "Alhejab, Meshal"]
[Black "Seregina, Maria"]
[Result "1-0"]
[WhiteElo "1497"]
[BlackElo "1907"]
[PlyCount "73"]
[EventDate "2018.??.??"]

1. e4 g6 2. d4 Bg7 3. Nf3 d6 4. Nc3 a6 5. Be2 b5 6. a3 Bb7 7. O-O Nd7 8. Bf4
Ngf6 9. d5 c6 10. dxc6 Bxc6 11. Bd3 Nc5 12. Re1 Nh5 13. Bd2 O-O 14. Rb1 e5 15.
Be3 Ne6 16. g3 Qc7 17. b4 Qb7 18. Ng5 Nxg5 19. Bxg5 f5 20. exf5 Qf7 21. Be4
Bxe4 22. Nxe4 gxf5 23. Nxd6 Qg6 24. Qd5+ Kh8 25. Be7 Nf4 26. Qb3 Nh3+ 27. Kg2
f4 28. Bxf8 Rxf8 29. Kxh3 Qh5+ 30. Kg2 f3+ 31. Kh1 Rf6 32. Qc3 Rf8 33. Qb3 Bf6
34. Re3 Be7 35. Qe6 Bf6 36. Qf5 Qh6 37. Rxf3 1-0

[Event "XXIX Miedzynarodowy Festiwal Szachowy CRACOVIA-2018 Grupa B"]
[Site "Krakow, Hotel Galaxy, ul. Gesia 22a"]
[Date "2018.12.31"]
[Round "6.48"]
[White "Holzleithner, Johannes"]
[Black "Zaboklicki, Zbigniew"]
[Result "1-0"]
[WhiteElo "2008"]
[BlackElo "1742"]
[PlyCount "51"]
[EventDate "2018.??.??"]

1. e4 c5 2. Be2 Nc6 3. d3 Nf6 4. f4 d6 5. Nf3 e6 6. O-O Be7 7. Qe1 Nd7 8. Be3
Bf6 9. c3 g6 10. Na3 Bg7 11. Nb5 Bf8 12. d4 a6 13. Na3 cxd4 14. cxd4 Nf6 15.
Bd3 d5 16. e5 Ng4 17. Bd2 Qb6 18. Nc2 Nh6 19. Qh4 Ng8 20. a4 Qb3 21. Bc3 Be7
22. Qf2 Nh6 23. a5 Nf5 24. Nd2 Nfxd4 25. Nxd4 Nxd4 26. Qxd4 1-0

[Event "XXIX Miedzynarodowy Festiwal Szachowy CRACOVIA-2018 Grupa B"]
[Site "Krakow, Hotel Galaxy, ul. Gesia 22a"]
[Date "2018.12.31"]
[Round "6.49"]
[White "Wilk, Tomasz"]
[Black "Wasik, Mateusz"]
[Result "1-0"]
[WhiteElo "1911"]
[BlackElo "1693"]
[PlyCount "95"]
[EventDate "2018.??.??"]

1. e4 c5 2. Nf3 Nc6 3. Bb5 g6 4. d3 Bg7 5. Nc3 e5 6. Bxc6 dxc6 7. h3 Qd6 8. Be3
Nf6 9. a4 a5 10. Nd2 b6 11. O-O O-O 12. Nc4 Qc7 13. f4 Nd7 14. f5 Re8 15. fxg6
hxg6 16. Qf3 f6 17. Qg3 Nf8 18. Bd2 Be6 19. Ne3 Qf7 20. Ng4 Bxg4 21. Qxg4 Ne6
22. Nd1 Nd4 23. Ne3 Bh6 24. Rf2 Kg7 25. c3 Bxe3 26. Bxe3 Ne6 27. Raf1 Qe7 28.
Rxf6 Qxf6 29. Rxf6 Kxf6 30. Qh4+ Kf7 31. Qf2+ Kg7 32. Qg3 Nf8 33. Qg5 Rad8 34.
h4 Rxd3 35. h5 Re6 36. h6+ Kf7 37. Bc1 Nh7 38. Qg4 Red6 39. Kh2 Rd1 40. Qc8 Nf8
41. Bg5 Re6 42. Qc7+ Nd7 43. Qd8 Re8 44. Qxe8+ Kxe8 45. h7 Kf7 46. h8=Q Nf8 47.
Qf6+ Kg8 48. Bh6 1-0

[Event "XXIX Miedzynarodowy Festiwal Szachowy CRACOVIA-2018 Grupa B"]
[Site "Krakow, Hotel Galaxy, ul. Gesia 22a"]
[Date "2018.12.31"]
[Round "6.50"]
[White "Manko, Mariya"]
[Black "Kawula, Andrzej"]
[Result "0-1"]
[WhiteElo "1814"]
[BlackElo "1902"]
[PlyCount "162"]
[EventDate "2018.??.??"]

1. e4 e6 2. Nc3 d5 3. Nf3 d4 4. Ne2 c5 5. c3 dxc3 6. bxc3 Nc6 7. Ng3 Nf6 8. Be2
Bd6 9. Qc2 O-O 10. O-O Qc7 11. Rb1 b6 12. d4 cxd4 13. cxd4 Ne5 14. Qb3 Nxf3+
15. Bxf3 e5 16. Bb2 Qe7 17. dxe5 Bxe5 18. Ba3 Qc7 19. Rbc1 Be6 20. Qb1 Qd7 21.
Bxf8 Rxf8 22. a3 g6 23. Be2 Bf4 24. Rcd1 Qe7 25. Qb4 Qc7 26. Bb5 h5 27. Rfe1 a5
28. Qb2 Ng4 29. Rc1 Qb8 30. h3 Bxc1 31. Rxc1 h4 32. Nf1 Ne5 33. f4 Nd7 34. Qf2
Nc5 35. Qxh4 Nxe4 36. Ne3 Qd6 37. a4 Qd2 38. Re1 Qd4 39. Kh2 Qf6 40. Qxf6 Nxf6
41. Rc1 Rd8 42. Rc6 Rd2 43. Rxb6 Nh5 44. Ra6 Nxf4 45. Rxa5 Nxh3 46. Ra8+ Kg7
47. Bc6 Re2 48. Nf1 Nf4 49. Bf3 Ra2 50. a5 Nxg2 51. Kg1 Nh4 52. Bb7 Bc4 53. Ne3
Bb5 54. a6 Ra3 55. a7 g5 56. Kf2 Ng6 57. Bd5 Nf4 58. Be4 Bd7 59. Nf5+ Bxf5 60.
Bxf5 Kf6 61. Be4 Ne6 62. Bf3 Nc7 63. Rb8 Rxa7 64. Rb6+ Ne6 65. Rb3 Ra4 66. Kg3
Kg6 67. Rd3 Ng7 68. Rc3 Nh5+ 69. Kf2 f5 70. Rc6+ Nf6 71. Rc3 g4 72. Bg2 Ne4+
73. Bxe4 Rxe4 74. Kg3 Kg5 75. Kf2 Kf4 76. Ra3 Rb4 77. Ra2 g3+ 78. Kg2 Kg4 79.
Rc2 f4 80. Kg1 Rb1+ 81. Kg2 f3# 0-1

[Event "XXIX Miedzynarodowy Festiwal Szachowy CRACOVIA-2018 Grupa B"]
[Site "Krakow, Hotel Galaxy, ul. Gesia 22a"]
[Date "2018.12.31"]
[Round "6.51"]
[White "Saweczko, Tomasz"]
[Black "Gorecki, Grzegorz"]
[Result "1/2-1/2"]
[WhiteElo "1724"]
[BlackElo "1867"]
[PlyCount "119"]
[EventDate "2018.??.??"]

1. d4 d5 2. Nf3 Nf6 3. Bf4 c6 4. e3 Bf5 5. Bd3 Bxd3 6. Qxd3 e6 7. Nbd2 Bd6 8.
O-O h6 9. Rfe1 Qc7 10. Bxd6 Qxd6 11. e4 dxe4 12. Nxe4 Nxe4 13. Rxe4 Nd7 14. c4
Nf6 15. Re2 O-O 16. Rd1 Rad8 17. Red2 Rfe8 18. a3 a6 19. b4 b5 20. Ne5 Re7 21.
Qf3 Rc7 22. h3 bxc4 23. Nxc4 Qd5 24. Ne5 Qxf3 25. Nxf3 Nd5 26. Rc1 f6 27. g3
Kf7 28. Kg2 Rd6 29. Ne1 Ne7 30. f4 Nf5 31. Nf3 Rcd7 32. Kf2 a5 33. g4 Nxd4 34.
Nxd4 Rxd4 35. Rxd4 Rxd4 36. Ke3 Rd5 37. Rxc6 axb4 38. axb4 Rd1 39. Rc7+ Kg6 40.
b5 Rb1 41. Rb7 f5 42. Kd4 Kf6 43. Kc5 g5 44. fxg5+ hxg5 45. gxf5 exf5 46. b6
Ke5 47. Re7+ Kf4 48. Re2 Kf3 49. Rc2 f4 50. Rc4 Kg2 51. h4 gxh4 52. Rxf4 h3 53.
Rh4 h2 54. Kc6 h1=Q 55. Rxh1 Kxh1 56. b7 Rc1+ 57. Kd7 Rb1 58. Kc8 Rc1+ 59. Kd7
Rd1+ 60. Kc8 1/2-1/2

[Event "XXIX Miedzynarodowy Festiwal Szachowy CRACOVIA-2018 Grupa B"]
[Site "Krakow, Hotel Galaxy, ul. Gesia 22a"]
[Date "2018.12.31"]
[Round "6.52"]
[White "Kaminski, Maciej"]
[Black "Kostecka, Marika"]
[Result "0-1"]
[WhiteElo "1862"]
[BlackElo "1808"]
[PlyCount "62"]
[EventDate "2018.??.??"]

1. e4 c5 2. Nf3 d6 3. d4 cxd4 4. Nxd4 Nf6 5. Nc3 a6 6. Bg5 Nbd7 7. Qe2 Qc7 8.
O-O-O b5 9. a3 g6 10. f4 Bg7 11. g4 Bb7 12. Bg2 Qc5 13. e5 dxe5 14. Bxb7 exd4
15. Bxa8 dxc3 16. b4 Qc8 17. Bf3 O-O 18. Qxe7 Qc4 19. Kb1 a5 20. Rxd7 Nxd7 21.
Qxd7 axb4 22. Bd5 Qd4 23. Be7 b3 24. Bxf7+ Rxf7 25. Qc8+ Bf8 26. Bxf8 bxc2+ 27.
Ka1 Qd1+ 28. Ka2 c1=N+ 29. Kb1 Qb3+ 30. Kxc1 Qb2+ 31. Kd1 Qd2# 0-1

[Event "XXIX Miedzynarodowy Festiwal Szachowy CRACOVIA-2018 Grupa B"]
[Site "Krakow, Hotel Galaxy, ul. Gesia 22a"]
[Date "2018.12.31"]
[Round "6.53"]
[White "Szlosarczyk, Hubert"]
[Black "Zechner, Andrea"]
[Result "0-1"]
[WhiteElo "1600"]
[BlackElo "1859"]
[PlyCount "134"]
[EventDate "2018.??.??"]

1. d4 d5 2. c4 c6 3. Nf3 Nf6 4. Nc3 dxc4 5. a4 Bf5 6. e3 e6 7. Bxc4 Bb4 8. Bd2
O-O 9. O-O Nbd7 10. Nh4 Bg4 11. f3 Bh5 12. g4 Bg6 13. Nxg6 hxg6 14. Qe2 e5 15.
Ne4 Be7 16. Nxf6+ Bxf6 17. Bc3 exd4 18. exd4 Nb6 19. Rfd1 Re8 20. Qd3 Nd5 21.
Bxd5 Qxd5 22. Re1 Rxe1+ 23. Rxe1 Rd8 24. Re4 c5 25. Qb5 cxd4 26. Re8+ Kh7 27.
Rxd8 Qxd8 28. Bd2 d3 29. Qxb7 Qd4+ 30. Kg2 Qxa4 31. g5 Qc2 32. gxf6 Qxd2+ 33.
Kh3 Qh6+ 34. Kg2 Qg5+ 35. Kf2 Qxf6 36. Ke3 Qe5+ 37. Qe4 Qc5+ 38. Kxd3 Qb5+ 39.
Kc3 Qa5+ 40. Kb3 Qb6+ 41. Kc3 Qc7+ 42. Qc4 Qe5+ 43. Kb3 Qe3+ 44. Qc3 Qe2 45. h4
f6 46. Qc6 Qd3+ 47. Qc3 Qd5+ 48. Ka3 Qh5 49. Qe3 a6 50. Qe4 Qc5+ 51. b4 Qb5 52.
Qg4 a5 53. bxa5 Qxa5+ 54. Kb3 Qh5 55. Qg3 g5 56. hxg5 Qxg5 57. Qh3+ Kg6 58. Kc3
Qe3+ 59. Kc2 f5 60. Qg3+ Qg5 61. Qd6+ Kh5 62. Kd1 f4 63. Qd3 Kh4 64. Qf1 Qd5+
65. Ke1 Qa5+ 66. Kf2 Qd2+ 67. Kg1 Kg3 0-1

[Event "XXIX Miedzynarodowy Festiwal Szachowy CRACOVIA-2018 Grupa B"]
[Site "Krakow, Hotel Galaxy, ul. Gesia 22a"]
[Date "2018.12.31"]
[Round "6.54"]
[White "Borowski, Przemyslaw"]
[Black "Lobunets, Vladimir"]
[Result "0-1"]
[WhiteElo "1817"]
[BlackElo "1801"]
[PlyCount "60"]
[EventDate "2018.??.??"]

1. e4 c6 2. d4 d5 3. e5 c5 4. dxc5 Nc6 5. Bb5 Qa5+ 6. Nc3 e6 7. Be3 Bd7 8. Bxc6
Bxc6 9. Qd4 Ne7 10. b4 Qc7 11. Nf3 Nf5 12. Qf4 a5 13. b5 Bd7 14. c6 bxc6 15. b6
Qb7 16. O-O c5 17. Bd2 Qxb6 18. Rab1 Qd8 19. g4 Nh4 20. Nxh4 Qxh4 21. Rb7 Qd8
22. Rfb1 Be7 23. Na4 Bc6 24. R7b2 O-O 25. Nb6 Ra7 26. Qe3 d4 27. Qe1 a4 28. Ba5
c4 29. Nxc4 Qd5 30. Kf1 Qxc4+ 0-1